Health and the environment: a people-centred research strategy

sin resumen

Uloženo v:
Podrobná bibliografie
Hlavní autor: Forget, Gilles
Médium: Text
Vydáno: Ottawa: IDRC
Tagy: Přidat tag
Žádné tagy, Buďte první, kdo vytvoří štítek k tomuto záznamu!

MARC

LEADER 00000 a a2200000 04500
001 4796
003
040
090 |a 119100  
100 |a Forget, Gilles  
245 |a Health and the environment: a people-centred research strategy  
260 |a Ottawa:   |b IDRC  
300 |a 36 p  
520 |a sin resumen  
999 |c 12063  |d 12063